| 000 | 00604nas a2200205 a 4500 | ||
|---|---|---|---|
| 001 | 000031408 | ||
| 003 | DLC | ||
| 005 | 20251105144148.0 | ||
| 008 | 110621c19059999dr r1 0 0eng d | ||
| 040 |
_aDO-SdBNP _bspa _cBNPHU _erda |
||
| 043 | _anwrd | ||
| 245 | 1 | 0 | _aLa revista médica y de ciencias relacionadas. |
| 260 |
_aSanto Domingo, _c1905. |
||
| 310 | _aQuincenal | ||
| 362 | 0 | _a2 época:no.2(15 de agosto 1905) | |
| 500 | _aDirector: F.A. Defilló | ||
| 500 | _aFundada en 1902 | ||
| 650 | 0 |
_aCiencias médicas _vPublicaciones periódicas _zRepública Dominicana _957827 |
|
| 942 |
_2ddc _cISSUE |
||
| 999 |
_c30900 _d30900 |
||